000 00423nam a2200157 i 4500
001 bg
100 1 _aNOWICKI, Marian
245 0 _aLasery w technologi elektronowej i obróbce materiałów /
_cMarian Nowicki.
260 _aWarszawa,
_c1978
_aWNT.
650 9 _aLasery
_xstosowanie
_xtechnika
040 _cBPK
041 _apol
080 _a621.375.826:621.9
942 _cKS
008 s pl f |000 0 pol
999 _c17664
_d17664
856 _uhttp://koha.tu.koszalin.pl/cgi-bin/koha/opac-detail.pl?biblionumber=17664
_yKatalog online BPK